| 000 | 03551nam2a2200337 4500 | ||
|---|---|---|---|
| 001 | RU\NLR\BIBL_A\012474973 | ||
| 005 | 20210408135858.0 | ||
| 010 |
_a978-5-4396-2072-2 _bт. 2 _93000 |
||
| 021 |
_aRU _bКН-П-20-069310 _9КН-П-20-5219 |
||
| 035 | _a(NLR Aleph) 012474973 | ||
| 035 | _a(RuMoRGB)010469729 | ||
| 090 |
_a12099261 _c12099261 |
||
| 100 | _a20210315d2020 k y0rusy50 ca | ||
| 101 | 0 | _arus | |
| 102 | _aRU | ||
| 105 | _ay|||z|||000zy | ||
| 181 | 0 |
_ai4 _baxxe |
|
| 182 | 0 | _an | |
| 200 | 1 |
_aЭкологическое право _f[Боголюбов Сергей Александрович, доктор юридических наук, профессор, заслуженный деятель науки Российской Федерации, Галиновская Елена Анатольевна, кандидат юридических наук, доцент, Золотова Олеся Александровна, кандидат юридических наук, доцент и др.] _gпод редакцией доктора юридических наук, профессора С.А. Боголюбова, доктора юридических наук, профессора Р.Л. Хачатурова |
|
| 203 |
_aТекст _bвизуальный _cнепосредственный |
||
| 210 | _d2020 | ||
| 215 | _a389, [2] с. | ||
| 320 | _aБиблиогр.: с. 363-387, в подстроч. примеч. и в тексте | ||
| 461 | 0 |
_1001RU\NLR\BIBL_A\012442552 _12001#$aФормирование и развитие отраслей права в исторической и современной правовой реальности России$eмонография$e[в 12 т.$fХачатуров Рудольф Левонович - доктор юридических наук, профессор, заслуженный работник высшей школы РФ, Глухарева Людмила Ивановна - доктор юридических наук, доцент, Головина Анна Александровна - кандидат юридических наук и др.]$gпод редакцией доктора юридических наук, профессора, заслуженного работника высшей школы РФ Р. Л. Хачатурова$vТ. 2 _911932808 _cМосква _d2020 _fХачатуров Рудольф Левонович - доктор юридических наук, профессор, заслуженный работник высшей школы РФ, Глухарева Людмила Ивановна - доктор юридических наук, доцент, Головина Анна Александровна - кандидат юридических наук и др.] _nЮрлитинформ _oмонография : [в 12 т. _tФормирование и развитие отраслей права в исторической и современной правовой реальности России _y9785439620708 _vТ. 2 |
|
| 701 | 1 |
_7ca _8rus _aБоголюбов _bС. А. _f1936- _gСергей Александрович _9113611 _3RU\NLR\AUTH\773617 |
|
| 701 | 1 |
_7ca _8rus _aГалиновская _bЕ. А. _cканд. юрид. наук _gЕлена Анатольевна _9158961 _3RU\NLR\AUTH\770159002 |
|
| 701 | 1 |
_aЗолотова _bО. А. _gОлеся Александровна |
|
| 942 | _cBOOK | ||
| 980 | _aNB | ||